000 01289cam a22002174a 4500
005 20250605164219.0
008 250528s ||||||||||||||||||||||||d
035 _a20588
020 _a9789607041
040 _aGR-AtMCL
_bgre
_dGR-AtMCL
_eAACR2
245 1 _aΑρχαία Θέατρα / Της Ανατολικής Μεσογείου
260 _c2007
300 _a96
505 0 _aΧαιρετισμοί, Αρχαία Θέατρα της Ανατολικής Μεσογείου, Αρχαίο Θέατρο, Κοινωνικό Πλαίσιο, Θεατρικός Λόγος, Θεατρική Πράξη, Θεατρικός Χωρός, Διασπορά του Αρχαίου Θεάτρου, Ευρετήριο Εικόνων.
520 _aΧαιρετισμοί, Αρχαία Θέατρα της Ανατολικής Μεσογείου, Αρχαίο Θέατρο, Κοινωνικό Πλαίσιο, Θεατρικός Λόγος, Θεατρική Πράξη, Θεατρικός Χωρός, Διασπορά του Αρχαίου Θεάτρου, Ευρετήριο Εικόνων.
700 1 _aΚαλλινικίδου Άννα
_96557
700 1 _aΜουσείο Αθλητισμού - Παράλληλη Γραφή
_93933
942 _cBK
999 _c5679
_d5679